000 00294nam a2200121Ia 4500
008 250626s2004 xx 000 0 und d
041 _aeng
082 _a618.6/MAN
100 _aMantle J H
245 _aPhysiotherapy In Obstetrics & Gynaecology
250 _a2nd
260 _bElsever
_c2004
999 _c1210522
_d1210522